000 00223nam a2200097Ia 4500
008 170619s9999 xx 000 0 und d
100 _aGill- N.S.
245 0 _aSoftware Engineering
260 _bPEARSON EDU. DELHI
260 _c2016
546 _aENGLISH
999 _c23511
_d23511